Представление документа в формате MARC21

Поле Инд. ПП Название Значение
Тип записи a
Библиографический уровень m
001 Контрольный номер RU/IS/BASE/194613880
005 Дата корректировки 20240123162941.8
008 Кодируемые данные 20060302
041 a Код языка текста rus
084 a Индекс другой классификации/Индекс ББК 9
090 a Полочн. индекс 95.2
x Авторский знак G 37
245 a Заглавие GEOFocus
b Продолж. заглавия увлекательный мир: Земля
c Ответственность учредитель: Грунер+Яр; гл. ред. Н. Моисеева
n Номер части/ раздела №6/2005
260 a Место издания Москва
b Издательство Грунер+Яр
c Дата издания 2005
300 a Объем 82 с.
500 a Примечание Журнал
a Примечание Главная тема номера: Египетская астрология
a Примечание Подарочный экземпляр
600 a Персоналии Монро Мэрилин
650 a Основная рубрика универсальная тематика
653 a Ключевые слова MP3
a Ключевые слова астрология
a Ключевые слова аттракционы
a Ключевые слова гороскопы
a Ключевые слова деторождение
a Ключевые слова коробки передач
a Ключевые слова очки
a Ключевые слова пиво
a Ключевые слова пивоварение
a Ключевые слова погода
a Ключевые слова спутниковая аппаратура
773 w Контрольный № источника RU/IS/BASE/407523519
901 t Тип документа s